| 000 | 00798nam a22001695i 4500 | ||
|---|---|---|---|
| 001 | 171307 | ||
| 003 | ES-MaACL | ||
| 005 | 20250616063044.0 | ||
| 008 | 090508s1858 sp |||| | spa d | ||
| 100 | 0 |
_aFrontaura, Carlos, _d1834-1910 _952739 |
|
| 245 | 1 | 3 |
_aEl velo de encaje _b: drama en seis actos, dividido el último en dos cuadros, acomodado a la escena española / _cpor Carlos Frontaura. |
| 260 |
_aMadrid : _b[Prudencio de Regoyos], _c1858 ( _fImp. de José Rodriguez) |
||
| 300 |
_a95 p. ; _c18 cm. |
||
| 500 | _aEn port.: Representado en el teatro de la Cruz. | ||
| 852 |
_aES-MaACL _jF-8600(3) _z.- Enc. pasta española _q- Falto de la cub. original _z- Enc. en un vol. facticio formando parte de la col. facticia "Teatro español moderno", vol. 53 |
||
| 999 |
_c171307 _d171307 |
||